00777nam a2200241Ia 450000100060000000300090000600800410001504000130005604000130006904100130008210000160009510000290011124500400014024500480018025000110022826000110023926000130025026000490026330000560031250001210036865000150048965000310050415713IT-RoPAU130308s9999 xx 000 0 und d aIT-RoPAU cIT-RoPAU aITALIANO aEco Umberto gCodice Aut. SPICS: 7017 aPensiero semiotico di Jakobson (Il) bSviluppo della Semiotica e Altri Saggi (Lo) a1a ed. aMILANO bBompiani c1978 [1° Ed.:1978 - Ed.Ling.Originale:1978] a"28 p. (prefazione: no ; testo: 28 [pagine: 5-32])" aStoria di un Ostracismo Ricerca della Semiotica Assunzioni di Base Bibliografia Sul Contributo Semiotico di Jakobson aSEMIOLOGIA eCodice materia Spics: 3251